00679nam a2200169Ia 4500008004100000020001800041082001600059100002700075245008300102260002300185300001100208440003900219500004900258650008300307952010200390999001700492120622s9999 xx 000 0 und d a84-7432-820-9 a338.9 M245g aMalem Seña, Jorge F. aGlobalización, comercio internacional y corrupción / Jorge F. Malem Seña aBarcelona : Gedisa a220 p. aCla.De.Ma. Filosofía del derecho aIncluye bibliografía e índice de nombres a1. GLOBALIZACION \ 2. COMERCIO EXTERIOR \ 3. CORRUPCION (COMERCIO EXTERIOR)Ì 00104070a01b01d2007-01-25l2o338.9 M245Gp01 008677r2017-08-03s2017-08-03w2012-06-24yLB c58014d58014